|
|
|
|
| LEADER |
02029nam a2200325 a 4500 |
| 001 |
0020215 |
| 003 |
BD-DhAAL |
| 008 |
100516s1997 njua b 001 0 eng d |
| 010 |
|
|
|a \\97006009
|
| 020 |
|
|
|a 0132591936
|
| 040 |
|
|
|a DLC
|c DLC
|d DLC
|d BD-DhAAL
|
| 082 |
0 |
0 |
|a 621.382
|2 21
|
| 100 |
1 |
|
|a Black, Uyless D.
|
| 245 |
1 |
0 |
|a ISDN & SS7 :
|b architectures for digital signaling networks /
|c Uyless Black.
|
| 246 |
3 |
|
|a ISDN and SS7
|
| 246 |
3 |
|
|a Integrated servies digital network and Signaling system number 7
|
| 260 |
|
|
|a Upper Saddle River, N.J. :
|b Prentice Hall,
|c c1997.
|
| 300 |
|
|
|a xxi, 345 p. :
|b ill. ;
|c 24 cm
|
| 490 |
0 |
|
|a Prentice Hall series in advanced communications technologies.
|
| 504 |
|
|
|a Includes bibliographical references (p. 333-335) and index.
|
| 526 |
|
|
|a EEE
|x Md Sayeed Salam
Department of Electrical and Electronic Engineering
BRAC University
Course Name : Telecommunication Transmission Technologies (EEE 512)
|
| 541 |
1 |
|
|e 0020215
|a Trim Education
|
| 650 |
|
0 |
|a Integrated services digital networks.
|
| 650 |
|
0 |
|a Signaling system 7.
|9 58908
|
| 830 |
|
|
|a Prentice Hall series in advanced communications technologies
|9 58909
|
| 852 |
4 |
|
|a Ayesha Abed Library
|c General Stacks
|
| 942 |
|
|
|2 ddc
|c BK
|
| 999 |
|
|
|c 8580
|d 8580
|
| 952 |
|
|
|0 0
|1 0
|2 ddc
|4 0
|6 621_382000000000000_BLA_1997
|7 0
|9 10204
|a BRACUL
|b BRACUL
|c GEN
|d 2010-05-16
|e Trim Education
|g 7800.00
|l 1
|m 2
|o 621.382 BLA
|p 3010020215
|r 2013-01-02
|s 2012-09-09
|t 1
|v 15600.00
|w 2010-05-16
|y BK
|x Requisitioned by Md Sayeed Salam (Department of Electrical and Electronic Engineering, BRAC University) for the course named- "Telecommunication Transmission Technologies (EEE 512)"
|
| 952 |
|
|
|0 0
|1 0
|2 ddc
|4 0
|6 621_382000000000000_BLA_1997
|7 0
|9 10205
|a BRACUL
|b BRACUL
|c GEN
|d 2010-05-16
|e Trim Education
|g 7800.00
|l 2
|m 7
|o 621.382 BLA
|p 3010020216
|r 2013-01-02
|s 2012-08-06
|t 2
|v 15600.00
|w 2010-05-16
|y BK
|x Requisitioned by Md Sayeed Salam (Department of Electrical and Electronic Engineering, BRAC University) for the course named- "Telecommunication Transmission Technologies (EEE 512)"
|